| 000 -LEADER |
| fixed length control field |
00545nam a2200205Ia 4500 |
| 001 - CONTROL NUMBER |
| control field |
7611 |
| 003 - CONTROL NUMBER IDENTIFIER |
| control field |
GE_BSU |
| 008 - FIXED-LENGTH DATA ELEMENTS--GENERAL INFORMATION |
| fixed length control field |
181216s||||||||xx |||||||||||||| ||und|| |
| 040 ## - CATALOGING SOURCE |
| Transcribing agency |
GE_BSU |
| 245 ## - TITLE STATEMENT |
| Title |
Генетика.Том 49,№7. 2013 |
| 245 ## - TITLE STATEMENT |
| Remainder of title |
Ежемесячный журнал. |
| 245 ## - TITLE STATEMENT |
| Statement of responsibility, etc. |
гл. ред. С.В.Шестаков,идр. |
| 260 ## - PUBLICATION, DISTRIBUTION, ETC. |
| Place of publication, distribution, etc. |
москва. |
| 260 ## - PUBLICATION, DISTRIBUTION, ETC. |
| Name of publisher, distributor, etc. |
наука. |
| 260 ## - PUBLICATION, DISTRIBUTION, ETC. |
| Date of publication, distribution, etc. |
2013. |
| 300 ## - PHYSICAL DESCRIPTION |
| Extent |
904 ст,28см. |
| 653 ## - INDEX TERM--UNCONTROLLED |
| Uncontrolled term |
Генетика. |
| 653 ## - INDEX TERM--UNCONTROLLED |
| Uncontrolled term |
პერიოდიკა |
| 942 ## - ADDED ENTRY ELEMENTS (KOHA) |
| Koha item type |
პერიოდიკა |